000 00324 a2200133 4500
005 20250629143837.0
020 _a978-0-263-25545-4
082 _a823.92 DIC
100 _aDICKSON,H.
245 _aCaught in Scandal's Storm
260 _aHarlequin,
_bHarlequin (UK) Limited,
_c2015.
300 _a384p.
_c22cm
942 _2ddc
_cBKS
999 _c6406
_d6406